00956cam a22003013a 450000100060000000300060000600500170001200800410002904000150007004200070008505000070009210000320009924500870013126000290021850600300024751600200027765300290029765300330032665300320035965300350039165300300042665300270045683000290048385600420051294200070055499900190056195200740058023415PGUSA20140828083511.0071108s2007||||xxu|||||s|||||000 1 eng d aPGUSAbeng adc 4aPR1 aHichens, Robert,d1864-195014aThe Mission Of Mr. Eustace Greyne :b1905h[electronic resource] /cRobert Hichens bProject Gutenberg,c2007 aPublic domain in the USA. aElectronic text aWomen authors -- Fiction aAlgiers (Algeria) -- Fiction aLondon (England) -- Fiction aVoyages and travels -- Fiction aMarried people -- Fiction aGovernesses -- Fiction 0aProject Gutenbergv2341540uhttp://www.gutenberg.org/ebooks/23415 cEB c252670d252670 001040aGTBbGTBd2014-08-28l0r2014-08-28 00:00:00w2014-08-28yEB